Statistics for NBA 2024 Playoffs Starters

Click here to take the quiz!

General Stats

  • This quiz has been taken 1,882 times
    (1,104 since last reset)
  • The average score is 65 of 80

Answer Stats

TeamPlayer% Correct
CelticsJaylen Brown
99%
CelticsJayson Tatum
99%
KnicksJalen Brunson
98%
CelticsKristaps Porziņģis
96%
BucksDamian Lillard
95%
76ersJoel Embiid
95%
CelticsJrue Holiday
95%
CavaliersDonovan Mitchell
94%
NuggetsNikola Jokić
94%
ThunderShai Gilgeous-Alexander
94%
PacersTyrese Haliburton
94%
TimberwolvesAnthony Edwards
93%
CelticsDerrick White
93%
NuggetsJamal Murray
93%
LakersLeBron James
93%
MavericksLuka Dončić
93%
MagicPaolo Banchero
93%
76ersTyrese Maxey
93%
LakersAnthony Davis
92%
SunsDevin Booker
92%
KnicksJosh Hart
92%
TimberwolvesKarl-Anthony Towns
92%
SunsKevin Durant
92%
MavericksKyrie Irving
92%
ClippersPaul George
92%
TimberwolvesRudy Gobert
92%
BucksBrook Lopez
91%
ClippersJames Harden
91%
HeatBam Adebayo
90%
CavaliersDarius Garland
90%
ThunderJalen Williams
90%
CavaliersJarrett Allen
90%
BucksKhris Middleton
90%
NuggetsAaron Gordon
89%
SunsGrayson Allen
89%
HeatTyler Herro
89%
ThunderChet Holmgren
88%
NuggetsMichael Porter Jr.
88%
PacersMyles Turner
88%
CavaliersEvan Mobley
87%
LakersAustin Reaves
86%
SunsBradley Beal
85%
LakersD'Angelo Russell
85%
MagicFranz Wagner
85%
NuggetsKentavious Caldwell-Pope
85%
ClippersIvica Zubac
84%
TimberwolvesMike Conley
84%
PelicansBrandon Ingram
83%
MagicGary Harris
83%
ThunderJosh Giddey
83%
76ersTobias Harris
83%
KnicksDonte DiVincenzo
81%
PacersPascal Siakam
81%
KnicksIsaiah Hartenstein
78%
SunsJusuf Nurkić
78%
TimberwolvesJaden McDaniels
77%
PelicansCJ McCollum
76%
MagicJalen Suggs
75%
PelicansJonas Valančiūnas
74%
ThunderLuguentz Dort
74%
KnicksOG Anunoby
74%
CavaliersMax Strus
73%
76ersKyle Lowry
71%
BucksBobby Portis
69%
MavericksDerrick Jones Jr.
68%
PelicansHerbert Jones
68%
LakersRui Hachimura
68%
MavericksP.J. Washington
66%
MavericksDaniel Gafford
64%
MagicWendell Carter Jr.
62%
ClippersTerance Mann
59%
HeatCaleb Martin
56%
76ersKelly Oubre Jr.
55%
PacersAndrew Nembhard
54%
PacersAaron Nesmith
51%
HeatJaime Jaquez Jr.
50%
BucksPatrick Beverley
48%
PelicansTrey Murphy III
39%
HeatNikola Jović
35%
ClippersAmir Coffey
27%

Score Distribution

Percentile by Number Answered

Percent of People with Each Score

Your Score History

You have not taken this quiz since the last reset